000 00642nam a2200253Ia 4500
005 20260121114125.0
008 008 260114s9999 xx 000 0 eng d
020 _a9783433607831
037 _aEBOOK
040 _aCRL
040 _beng
040 _cCRL
041 _2eng
041 _aeng
084 _qCRL
100 _aNabil A. Fouad
_9971145
245 0 _aBauphysik-Kalender 2018 - Schwerpunkt - Feuchteschutz und Bauwerksabdichtung
260 _bWiley
260 _c2018
856 _uhttps://onlinelibrary.wiley.com/doi/book/10.1002/9783433607831
942 _cEBOOK
999 _c1550400
_d1550400